| 000 | 00421nam a2200169 a 4500 | ||
|---|---|---|---|
| 005 | 20140412111328.0 | ||
| 008 | 110115s19uu xx 00 eng d | ||
| 020 | _a0-590-72579-3 | ||
| 050 |
_aBB _bLo78 1990 |
||
| 100 | _aCarrick, Carol | ||
| 245 |
_aLong Gone / _cCarol Carrick. |
||
| 260 |
_aNY : _bScholastic, _c1990. |
||
| 300 | _a18p. | ||
| 440 | _aBig book of Magazine | ||
| 650 | _aDinosaurs | ||
| 999 |
_c104796 _d104796 |
||